| 000 | 00688nas a2200241 4500 | ||
|---|---|---|---|
| 001 | BR2019002050 | ||
| 003 | BR-BrBNA | ||
| 005 | 20231205132022.0 | ||
| 007 | ta | ||
| 008 | 230509b bl.|||p| |||| 00| 00por d | ||
| 040 |
_aBR-BrBNA _bpor _cBiblioteca Nacional de Agricultura |
||
| 041 | _a(Pt) | ||
| 072 | _aL01; E70; Q02 | ||
| 100 | 1 | _aPinto, P.T. | |
| 100 | 1 | _a | |
| 245 | 1 | _aPecuária Leiteira - Boa Expectativa para 2019 | |
| 650 | _aLATICÍNIO | ||
| 650 | _aPESQUISA DE MERCADO | ||
| 650 | _aMERCADO NACIONAL | ||
| 773 | 0 |
_tAgroanalysis (Brazil) _x0100-4298 _g(Mar 2019), v. 39(3) p. 27-29 _wBR2019002050 |
|
| 909 |
_a202311 _bLúcia _c55 _dLúcia Elande |
||
| 942 |
_2AGRIS _n0 _cANA |
||
| 999 |
_c258001 _d258001 |
||